| 000 | 00478nam a22001577a 4500 | ||
|---|---|---|---|
| 008 | 140202b xxu||||| |||| 00| 0 eng d | ||
| 082 | _a658. | ||
| 100 |
_9195 _aPride, William M. |
||
| 245 |
_aMarketing : Concepts and strategies _c/ William M. Pride &O. C. Ferrell |
||
| 250 | _a10th ed. | ||
| 260 |
_aChennai: _bAll India Publisher, _cc2000. |
||
| 300 |
_axxxii, 666p.: _bills., pics.; _c27 cm. |
||
| 650 | 0 |
_953 _aMarketing |
|
| 700 |
_9196 _aFerrell, O. C. |
||
| 942 |
_2ddc _cBK |
||
| 999 |
_c141 _d141 |
||